[Event "Campeonato de España sub-16 2011"]
[Site "Padron ESP"]
[Date "2011.07.20"]
[Round "3.14"]
[White "Serarols Mabras, Bernat"]
[Black "Suarez Garcia, Carlos"]
[Result "0-1"]
[WhiteElo "1825"]
[BlackElo "2250"]
[PlyCount "64"]
[EventDate "2011.07.19"]
[EventType "swiss"]
[EventRounds "9"]
[EventCountry "ESP"]
[Source "lmi"]
[SourceDate "2011.07.19"]

1. d4 Nf6 2. c4 g6 3. Nc3 Bg7 4. Nf3 d6 5. Bg5 h6 6. Bh4 O-O 7. e3 c6 8. Be2
Nbd7 9. O-O e5 10. dxe5 dxe5 11. Qc2 Qe7 12. Rfd1 a5 13. a3 Nc5 14. Nd2 a4 15.
Nde4 Ncxe4 16. Nxe4 g5 17. Nxf6+ Qxf6 18. Bg3 Qe7 19. f3 f5 20. Bd3 h5 21. Be1
g4 22. e4 gxf3 23. gxf3 fxe4 24. Bxe4 Be6 25. Qe2 Qc5+ 26. Kh1 Qxc4 27. Qg2 Bf5
28. Bc3 Bxe4 29. fxe4 Rf4 30. Bxe5 Rg4 31. Bg3 h4 32. Qf3 Rxe4 0-1

[Event "Campeonato de España sub-16 2011"]
[Site "Padron ESP"]
[Date "2011.07.20"]
[Round "3.15"]
[White "Meneses Gonzalez, Kevin Moises"]
[Black "Diaz Camallonga, Carles"]
[Result "0-1"]
[WhiteElo "2226"]
[BlackElo "1958"]
[PlyCount "52"]
[EventDate "2011.07.19"]
[EventType "swiss"]
[EventRounds "9"]
[EventCountry "ESP"]
[Source "lmi"]
[SourceDate "2011.07.19"]

1. e4 e6 2. d4 d5 3. Nc3 Nf6 4. Bg5 dxe4 5. Nxe4 Be7 6. Bxf6 gxf6 7. Nf3 Nd7 8.
Qd2 b6 9. Bb5 Bb7 10. Qf4 Rg8 11. O-O-O a6 12. Bxd7+ Qxd7 13. Nxf6+ Bxf6 14.
Qxf6 Qe7 15. Qe5 Rxg2 16. Qe3 O-O-O 17. Ne5 Qf6 18. Rd2 Rdg8 19. f3 Qf5 20.
Rhd1 f6 21. Ng4 Rxd2 22. Rxd2 Rg6 23. Qa3 Kb8 24. Qe7 Bxf3 25. Ne3 Rg1+ 26. Rd1
Qf4 0-1

[Event "Campeonato de España sub-16 2011"]
[Site "Padron ESP"]
[Date "2011.07.20"]
[Round "3.16"]
[White "Silva Rodriguez, Julio"]
[Black "Gonzalez Balbuena, Pablo"]
[Result "1-0"]
[WhiteElo "2133"]
[BlackElo "1848"]
[PlyCount "63"]
[EventDate "2011.07.19"]
[EventType "swiss"]
[EventRounds "9"]
[EventCountry "ESP"]
[Source "lmi"]
[SourceDate "2011.07.19"]

1. e4 e5 2. Nf3 Nc6 3. d4 exd4 4. Bc4 Nf6 5. e5 d5 6. Bb5 Ne4 7. Nxd4 Bd7 8.
Bxc6 bxc6 9. O-O g6 10. c3 Bg7 11. f3 Nc5 12. f4 O-O 13. Be3 Ne6 14. Nd2 f6 15.
N2f3 Qe7 16. Qe2 c5 17. Nxe6 Bxe6 18. Qf2 fxe5 19. Bxc5 Qd7 20. Bxf8 Rxf8 21.
fxe5 Bxe5 22. Nxe5 Rxf2 23. Nxd7 Rxf1+ 24. Rxf1 Bxd7 25. Rf6 Bb5 26. a4 Bxa4
27. Ra6 Bb5 28. Rxa7 c6 29. Kf2 g5 30. Ke3 c5 31. Rc7 Bf1 32. g3 1-0

[Event "Campeonato de España sub-16 2011"]
[Site "Padron ESP"]
[Date "2011.07.21"]
[Round "4.1"]
[White "Pardo Simon, David"]
[Black "Tallo Dominguez, Imar"]
[Result "1-0"]
[WhiteElo "2388"]
[BlackElo "2176"]
[PlyCount "109"]
[EventDate "2011.07.19"]
[EventType "swiss"]
[EventRounds "9"]
[EventCountry "ESP"]
[Source "lmi"]
[SourceDate "2011.07.19"]

1. Nf3 c5 2. g3 Nf6 3. Bg2 Nc6 4. c4 g6 5. Nc3 Bg7 6. d4 cxd4 7. Nxd4 O-O 8.
O-O Ng4 9. e3 Nge5 10. b3 d6 11. Bb2 Nxd4 12. exd4 Nc6 13. d5 Ne5 14. Qd2 Nd7
15. Ne4 Bxb2 16. Qxb2 Rb8 17. Qd4 Qb6 18. Qd2 Nc5 19. Rfe1 Nxe4 20. Rxe4 Qc7
21. Rae1 Re8 22. Qe3 Bf5 23. Rxe7 Rxe7 24. Qxe7 Qxe7 25. Rxe7 Bb1 26. a3 Ba2
27. Re3 b5 28. Bf1 bxc4 29. Bxc4 a5 30. a4 Kg7 31. f3 Kf6 32. g4 g5 33. Kf2 Rb7
34. Ke2 Bb1 35. Kd2 Rb8 36. Bb5 Bg6 37. Re8 Rxe8 38. Bxe8 Ke7 39. Bb5 f6 40.
Kc3 Kd8 41. Bd3 Bf7 42. Bxh7 Bxd5 43. Be4 Be6 44. b4 axb4+ 45. Kxb4 Kc7 46. a5
Bd7 47. Kc4 Be6+ 48. Kd4 Kb8 49. Bd5 Bd7 50. Ke4 Ka7 51. Bc4 Bc6+ 52. Kf5 Bxf3
53. Bf1 d5 54. h3 d4 55. Kxf6 1-0

[Event "Campeonato de España sub-16 2011"]
[Site "Padron ESP"]
[Date "2011.07.21"]
[Round "4.2"]
[White "Ladron De Guevara Pinto, Paolo"]
[Black "Quintin Navarro, Alberto"]
[Result "1-0"]
[WhiteElo "2269"]
[BlackElo "2153"]
[PlyCount "109"]
[EventDate "2011.07.19"]
[EventType "swiss"]
[EventRounds "9"]
[EventCountry "ESP"]
[Source "lmi"]
[SourceDate "2011.07.19"]

1. e4 c5 2. Nf3 d6 3. d4 cxd4 4. Nxd4 Nf6 5. Nc3 a6 6. Bc4 e6 7. Bb3 Nbd7 8.
O-O Nc5 9. Re1 Be7 10. Bg5 h6 11. Bh4 O-O 12. Bg3 Nxb3 13. axb3 e5 14. Nf5 Bxf5
15. exf5 Qd7 16. Qd3 e4 17. Nxe4 Qxf5 18. Nxf6+ Qxf6 19. c3 Rfd8 20. Ra4 Bf8
21. Rd4 Re8 22. Rd1 Rad8 23. h3 Qe6 24. c4 Qe2 25. Qxe2 Rxe2 26. c5 d5 27. Rxd5
Rxd5 28. Rxd5 Be7 29. b4 Bf6 30. Rd7 Re7 31. Rd2 Re4 32. Bd6 Re1+ 33. Kh2 Rb1
34. Re2 Bxb2 35. Re8+ Kh7 36. Re7 Ba3 37. Rxf7 Rxb4 38. c6 bxc6 39. Rf3 Rb3 40.
Bxa3 Rxf3 41. gxf3 Kg6 42. Bb2 a5 43. Kg3 Kf5 44. Bxg7 h5 45. Ba1 a4 46. f4 Ke4
47. f3+ Kf5 48. Be5 a3 49. Kf2 c5 50. Ke3 a2 51. Bc3 c4 52. Ba1 h4 53. Bc3 Kg6
54. Ke4 Kf7 55. f5 1-0

[Event "Campeonato de España sub-16 2011"]
[Site "Padron ESP"]
[Date "2011.07.21"]
[Round "4.3"]
[White "Aranaz Murillo, Amalia"]
[Black "Alcaraz Ortega, Javier"]
[Result "1/2-1/2"]
[WhiteElo "2176"]
[BlackElo "2248"]
[PlyCount "103"]
[EventDate "2011.07.19"]
[EventType "swiss"]
[EventRounds "9"]
[EventCountry "ESP"]
[Source "lmi"]
[SourceDate "2011.07.19"]

1. Nf3 Nf6 2. c4 b6 3. g3 Bb7 4. Bg2 e6 5. O-O Be7 6. d4 O-O 7. Re1 a5 8. Nc3
Ne4 9. Qc2 Nxc3 10. bxc3 f5 11. Ne5 Bxg2 12. Kxg2 d6 13. Nd3 Bg5 14. Bxg5 Qxg5
15. c5 bxc5 16. Qb3 Qf6 17. Nf4 Nd7 18. Qxe6+ Qf7 19. Rab1 Rab8 20. h4 c4 21.
Qxf7+ Kxf7 22. Nd5 Nb6 23. Nxb6 Rxb6 24. Rxb6 cxb6 25. Rb1 Rb8 26. Rb5 Ke6 27.
d5+ Ke5 28. Kf3 Rb7 29. Ke3 Re7 30. f4+ Kf6+ 31. Kf3 Rb7 32. g4 g6 33. e4 fxe4+
34. Kxe4 Re7+ 35. Kd4 h5 36. gxh5 Kf5 37. Kxc4 Re4+ 38. Kd3 Rxf4 39. hxg6 Rxh4
40. Rxb6 Ke5 41. Rb5 Rh3+ 42. Kc4 Rh4+ 43. Kb3 a4+ 44. Ka3 Rc4 45. Kb2 Rg4 46.
Ka3 Rc4 47. g7 Rxc3+ 48. Kxa4 Rg3 49. Kb4 Rxg7 50. a4 Rg4+ 51. Kb3 Rg3+ 52. Kb4
1/2-1/2

[Event "Campeonato de España sub-16 2011"]
[Site "Padron ESP"]
[Date "2011.07.21"]
[Round "4.4"]
[White "Santos Latasa, Jaime"]
[Black "Valhondo Morales, Ruben"]
[Result "1-0"]
[WhiteElo "2242"]
[BlackElo "1993"]
[PlyCount "69"]
[EventDate "2011.07.19"]
[EventType "swiss"]
[EventRounds "9"]
[EventCountry "ESP"]
[Source "lmi"]
[SourceDate "2011.07.19"]

1. d4 Nf6 2. c4 g6 3. Nc3 Bg7 4. e4 d6 5. f4 O-O 6. Nf3 c5 7. d5 e6 8. dxe6
Bxe6 9. Bd3 Nc6 10. O-O Bg4 11. h3 Bxf3 12. Qxf3 Nd4 13. Qf2 Nd7 14. Be3 f5 15.
Rad1 a6 16. exf5 gxf5 17. Ne2 Nxe2+ 18. Bxe2 Qf6 19. Bf3 Rab8 20. Qd2 Rfe8 21.
Bf2 Bf8 22. b3 Kh8 23. Qd3 Nb6 24. a4 Na8 25. Be1 Rxe1 26. Rfxe1 Nc7 27. Bd5 b5
28. axb5 axb5 29. Ra1 bxc4 30. bxc4 Re8 31. Rab1 Rd8 32. Rb7 Nxd5 33. Qxd5 Bg7
34. Ree7 Rg8 35. Rxg7 1-0

[Event "Campeonato de España sub-16 2011"]
[Site "Padron ESP"]
[Date "2011.07.21"]
[Round "4.5"]
[White "Rodriguez Ferraz, Borja"]
[Black "Anton Guijarro, David"]
[Result "0-1"]
[WhiteElo "2125"]
[BlackElo "2473"]
[PlyCount "52"]
[EventDate "2011.07.19"]
[EventType "swiss"]
[EventRounds "9"]
[EventCountry "ESP"]
[Source "lmi"]
[SourceDate "2011.07.19"]

1. d4 Nf6 2. c4 e6 3. Nc3 Bb4 4. Qc2 O-O 5. a3 Bxc3+ 6. Qxc3 d5 7. Bg5 dxc4 8.
Qxc4 b6 9. Nf3 Ba6 10. Qc2 h6 11. Bxf6 Qxf6 12. e3 Bxf1 13. Rxf1 c5 14. dxc5
Rc8 15. Rd1 Rxc5 16. Qe4 Nc6 17. b4 Rd5 18. Qc2 Rxd1+ 19. Kxd1 Rc8 20. Kd2 Ne7
21. Qb3 Nd5 22. Rd1 Rc3 23. Qa4 Qg6 24. Ke1 Qxg2 25. Qe8+ Kh7 26. Nh4 Qg1+ 0-1

[Event "Campeonato de España sub-16 2011"]
[Site "Padron ESP"]
[Date "2011.07.21"]
[Round "4.6"]
[White "Nicolas Zapata, Irene"]
[Black "Sanchez Ibern, Marc"]
[Result "0-1"]
[WhiteElo "2117"]
[BlackElo "2327"]
[PlyCount "112"]
[EventDate "2011.07.19"]
[EventType "swiss"]
[EventRounds "9"]
[EventCountry "ESP"]
[Source "lmi"]
[SourceDate "2011.07.19"]

1. Nf3 Nf6 2. c4 g6 3. Nc3 d5 4. cxd5 Nxd5 5. Qb3 Nb6 6. d4 Bg7 7. e4 O-O 8.
Be3 Bg4 9. O-O-O a5 10. h3 a4 11. Qc2 Bd7 12. a3 f5 13. exf5 Bxf5 14. Bd3 c6
15. Rhe1 Be6 16. d5 Nxd5 17. Bd4 Bh6+ 18. Kb1 Bf5 19. Bxf5 Rxf5 20. Bc5 e6 21.
Nd4 Nxc3+ 22. Qxc3 Rd5 23. Qc2 e5 24. Ne6 Qd7 25. Rxd5 cxd5 26. Rxe5 Nc6 27.
Re2 Re8 28. Nd4 Ne5 29. Bb4 Nc4 30. Rxe8+ Qxe8 31. Qe2 Qe4+ 32. Qxe4 dxe4 33.
Ne2 e3 34. fxe3 Nxe3 35. g3 Nd5 36. Be1 Kf7 37. Nc3 Nxc3+ 38. Bxc3 Be3 39. Kc2
Ke6 40. Kd3 Bf2 41. g4 Kd5 42. Bg7 Bg3 43. Kc3 Be5+ 44. Bxe5 Kxe5 45. Kb4 Kf4
46. Kxa4 Kg3 47. Kb5 Kxh3 48. g5 Kg4 49. Kb6 Kxg5 50. Kxb7 h5 51. a4 h4 52. a5
h3 53. a6 h2 54. a7 h1=Q+ 55. Kb8 Qh8+ 56. Kc7 Qg7+ 0-1

[Event "Campeonato de España sub-16 2011"]
[Site "Padron ESP"]
[Date "2011.07.21"]
[Round "4.7"]
[White "Acosta Sosa, Juan Manuel"]
[Black "Cruz Lledo, Pablo"]
[Result "1/2-1/2"]
[WhiteElo "2088"]
[BlackElo "2269"]
[PlyCount "117"]
[EventDate "2011.07.19"]
[EventType "swiss"]
[EventRounds "9"]
[EventCountry "ESP"]
[Source "lmi"]
[SourceDate "2011.07.19"]

1. d4 d5 2. c4 c6 3. Nc3 Nf6 4. cxd5 Nxd5 5. e4 Nxc3 6. bxc3 g6 7. a4 Bg7 8.
Qc2 O-O 9. Ba3 Re8 10. Rd1 Qc7 11. Bc4 e5 12. d5 cxd5 13. Bxd5 Be6 14. Ne2 Nc6
15. O-O Rad8 16. Bxe6 Rxe6 17. Rxd8+ Nxd8 18. Rd1 Bf8 19. Bxf8 Kxf8 20. Qd2 Ke8
21. c4 Nc6 22. Nc3 Nd4 23. Nb5 Qd7 24. Nxd4 Rd6 25. Qa5 f6 26. Qxa7 Rxd4 27.
Re1 Rxe4 28. Qb8+ Kf7 29. Rb1 Rxc4 30. h3 Rc7 31. a5 Kg7 32. Kh2 e4 33. Rb3 h5
34. g3 Qe7 35. Qa7 h4 36. gxh4 Qe5+ 37. Kg2 Qd5 38. Re3 f5 39. Qb6 Rf7 40. h5
Rf6 41. h6+ Kf7 42. Qc7+ Ke6 43. h7 Rf8 44. Qg7 Qd8 45. Rg3 f4 46. Qxg6+ Kd7
47. Rb3 f3+ 48. Kh2 Qc7+ 49. Kh1 Kc8 50. Qg4+ Kb8 51. a6 b6 52. Qg6 Ka7 53. Rb1
Rh8 54. Rxb6 Qc1+ 55. Kh2 Qf4+ 56. Kh1 Qc1+ 57. Kh2 Qf4+ 58. Kh1 Qc1+ 59. Kh2
1/2-1/2

[Event "Campeonato de España sub-16 2011"]
[Site "Padron ESP"]
[Date "2011.07.21"]
[Round "4.8"]
[White "Suarez Garcia, Carlos"]
[Black "Balague Camps, Marc"]
[Result "1-0"]
[WhiteElo "2250"]
[BlackElo "2119"]
[PlyCount "121"]
[EventDate "2011.07.19"]
[EventType "swiss"]
[EventRounds "9"]
[EventCountry "ESP"]
[Source "lmi"]
[SourceDate "2011.07.19"]

1. e4 c5 2. Nf3 e6 3. d4 cxd4 4. Nxd4 Nc6 5. Nc3 Qc7 6. Be3 a6 7. Qd2 Nf6 8.
O-O-O Bb4 9. f3 Na5 10. Nb3 d5 11. exd5 Nxd5 12. Bd4 f6 13. Nxa5 Bxa5 14. Kb1
Nxc3+ 15. Bxc3 Bxc3 16. Qxc3 Qxc3 17. bxc3 Bd7 18. Bd3 Rc8 19. Kb2 Ke7 20. Rhe1
Rc5 21. f4 g6 22. Re3 Rhc8 23. Rh3 Rh5 24. Rxh5 gxh5 25. Re1 Rg8 26. g3 h6 27.
Bc4 f5 28. Bd5 Rc8 29. Bf3 Be8 30. h3 Bf7 31. Re3 Rc7 32. c4 Be8 33. Rb3 b5 34.
cxb5 axb5 35. Be2 Rc5 36. Rc3 Kd6 37. a3 Rxc3 38. Kxc3 Kc5 39. Bf3 Bf7 40. h4
Be8 41. Bb7 Bd7 42. Kd3 Kd6 43. Kd4 Be8 44. Bg2 Bf7 45. Bf3 Be8 46. Be2 Bc6 47.
Bxh5 Bg2 48. Be8 Bf1 49. a4 bxa4 50. Bxa4 Bg2 51. c4 Be4 52. c5+ Ke7 53. Ke5
Bd5 54. Bb5 Bb3 55. c6 Bd5 56. c7 Bb7 57. Bc6 Ba6 58. Ba4 Bc8 59. Bb3 Bd7 60.
Bc4 Bc8 61. h5 1-0

[Event "Campeonato de España sub-16 2011"]
[Site "Padron ESP"]
[Date "2011.07.21"]
[Round "4.9"]
[White "Ballester Llagaria, Luis Eduard"]
[Black "Madurga Lopez, Ignacio"]
[Result "1/2-1/2"]
[WhiteElo "2139"]
[BlackElo "2036"]
[PlyCount "96"]
[EventDate "2011.07.19"]
[EventType "swiss"]
[EventRounds "9"]
[EventCountry "ESP"]
[Source "lmi"]
[SourceDate "2011.07.19"]

1. e4 c5 2. Nf3 d6 3. d4 cxd4 4. Nxd4 Nf6 5. Nc3 a6 6. h3 e5 7. Nde2 h5 8. Bg5
Be6 9. f4 Nbd7 10. f5 Bc4 11. b3 Bb5 12. Nxb5 axb5 13. Qd3 Qa5+ 14. Bd2 Nc5 15.
Qe3 Qb6 16. b4 Na4 17. Qxb6 Nxb6 18. Nc3 Nc4 19. Nxb5 Rc8 20. Bd3 d5 21. exd5
Nxd5 22. a3 Nce3 23. Kf2 Nc4 24. Rad1 Nb2 25. Rc1 Nc4 26. Rhd1 Nxd2 27. Rxd2
Nc3 28. Re1 Ke7 29. Rxe5+ Kf6 30. Re3 Nxb5 31. Bxb5 Be7 32. c3 Rhd8 33. Rxd8
Rxd8 34. g4 hxg4 35. hxg4 Rd2+ 36. Re2 Rxe2+ 37. Kxe2 Kg5 38. Kf3 Bf6 39. Be8
Bxc3 40. Bxf7 b5 41. Ke4 Bb2 42. Kd5 Bxa3 43. Kc5 Kxg4 44. Bg6 Kf4 45. Kxb5 Ke5
46. Kc5 Kf6 47. Kc4 Ke7 48. b5 Kd6 1/2-1/2

[Event "Campeonato de España sub-16 2011"]
[Site "Padron ESP"]
[Date "2011.07.21"]
[Round "4.10"]
[White "Diaz Camallonga, Carles"]
[Black "Silva Rodriguez, Julio"]
[Result "1/2-1/2"]
[WhiteElo "1958"]
[BlackElo "2133"]
[PlyCount "60"]
[EventDate "2011.07.19"]
[EventType "swiss"]
[EventRounds "9"]
[EventCountry "ESP"]
[Source "lmi"]
[SourceDate "2011.07.19"]

1. e4 e6 2. d4 d5 3. Bd3 dxe4 4. Bxe4 Nf6 5. Bf3 c5 6. Ne2 Nc6 7. Be3 e5 8.
Bxc6+ bxc6 9. dxe5 Qxd1+ 10. Kxd1 Ng4 11. Nd2 Nxe5 12. h3 Ba6 13. f4 Nc4 14.
Nxc4 Bxc4 15. Nc3 Be7 16. Ke1 Bh4+ 17. Bf2 Bf6 18. Bxc5 O-O-O 19. Kf2 Rd2+ 20.
Kg3 Rxc2 21. Rac1 Rd2 22. Ne4 Rd3+ 23. Kf2 Bd5 24. Nxf6 gxf6 25. Rhd1 Rxd1 26.
Rxd1 Rg8 27. g3 Re8 28. Bxa7 Bxa2 29. Bd4 f5 30. Bc3 Bd5 1/2-1/2

[Event "Campeonato de España sub-16 2011"]
[Site "Padron ESP"]
[Date "2011.07.21"]
[Round "4.11"]
[White "Cerrato Torrijos, Maria"]
[Black "Perez Barreto, Adrian"]
[Result "1-0"]
[WhiteElo "2124"]
[BlackElo "1934"]
[PlyCount "93"]
[EventDate "2011.07.19"]
[EventType "swiss"]
[EventRounds "9"]
[EventCountry "ESP"]
[Source "lmi"]
[SourceDate "2011.07.19"]

1. e4 c5 2. Nc3 Nc6 3. Nf3 e6 4. d4 cxd4 5. Nxd4 Qc7 6. Be2 a6 7. O-O Nf6 8.
Be3 Be7 9. f4 d6 10. Qe1 O-O 11. Qg3 Nxd4 12. Bxd4 b5 13. e5 dxe5 14. Bxe5 Qc5+
15. Kh1 Bb7 16. Bd3 g6 17. Rae1 Nd7 18. f5 exf5 19. Rxf5 Qb4 20. Bf4 Rfe8 21.
Rf1 Bf6 22. Nd1 Qf8 23. Rh5 Qg7 24. Bh6 Qh8 25. Ne3 Be5 26. Qg5 Bf6 27. Qg3 Be5
28. Qf2 Qf6 29. Rxe5 Rxe5 30. Qxf6 Nxf6 31. Rxf6 Rae8 32. Nf1 R5e6 33. Rf4 f6
34. a4 g5 35. Rd4 Bc6 36. h4 Re5 37. hxg5 fxg5 38. axb5 Bxb5 39. c4 Bc6 40. Rg4
Kf7 41. Ng3 Rd8 42. Be4 Bxe4 43. Nxe4 Kg6 44. Nxg5 Re1+ 45. Kh2 Kxh6 46. Nf7+
Kh5 47. Rg5+ 1-0

[Event "Campeonato de España sub-16 2011"]
[Site "Padron ESP"]
[Date "2011.07.21"]
[Round "4.12"]
[White "Fernandez Lledo, Javier"]
[Black "Dominguez Carnero, Javier"]
[Result "1-0"]
[WhiteElo "2204"]
[BlackElo "1672"]
[PlyCount "63"]
[EventDate "2011.07.19"]
[EventType "swiss"]
[EventRounds "9"]
[EventCountry "ESP"]
[Source "lmi"]
[SourceDate "2011.07.19"]

1. e4 c6 2. d4 d5 3. exd5 cxd5 4. c4 Nf6 5. Nc3 e6 6. Nf3 Bb4 7. cxd5 Nxd5 8.
Bd2 Nc6 9. Bd3 Be7 10. a3 O-O 11. O-O Bf6 12. Qc2 g6 13. Rad1 Nce7 14. Ne4 Bg7
15. Bg5 b6 16. Rfe1 Bb7 17. Qd2 Rc8 18. h4 h5 19. Bb1 Qc7 20. Bh6 Nf5 21. Bxg7
Kxg7 22. Neg5 Qd6 23. Ba2 Rfe8 24. Bb1 Rf8 25. g3 Nf6 26. Ne5 Qd5 27. Ne4 Qd8
28. Nxf6 Kxf6 29. d5 Kg7 30. dxe6 fxe6 31. Qd7+ Qxd7 32. Rxd7+ 1-0

[Event "Campeonato de España sub-16 2011"]
[Site "Padron ESP"]
[Date "2011.07.21"]
[Round "4.13"]
[White "Garcia Rodriguez, Sara"]
[Black "Navarrete Espi, Samuel"]
[Result "1/2-1/2"]
[WhiteElo "1926"]
[BlackElo "2169"]
[PlyCount "61"]
[EventDate "2011.07.19"]
[EventType "swiss"]
[EventRounds "9"]
[EventCountry "ESP"]
[Source "lmi"]
[SourceDate "2011.07.19"]

1. e4 d6 2. d4 Nf6 3. Nc3 g6 4. Nf3 Bg7 5. Be2 O-O 6. O-O Bg4 7. Be3 Nc6 8. h3
Bxf3 9. Bxf3 e5 10. d5 Ne7 11. Qd2 Nd7 12. Be2 f5 13. f4 fxe4 14. Nxe4 Nf5 15.
Ng5 Nxe3 16. Qxe3 Nc5 17. Bg4 Bf6 18. Be6+ Kg7 19. Nf7 exf4 20. Rxf4 Rxf7 21.
Bxf7 Kxf7 22. Raf1 Nd7 23. Qe6+ Kg7 24. c3 h5 25. g4 hxg4 26. hxg4 g5 27. Rf5
Kg6 28. Kg2 Rb8 29. R5f3 Kg7 30. Rf5 Kg6 31. R5f3 1/2-1/2

[Event "Campeonato de España sub-16 2011"]
[Site "Padron ESP"]
[Date "2011.07.21"]
[Round "4.14"]
[White "Villasenor Rubio, Emilio Jose"]
[Black "Galvan Prieto, Albano"]
[Result "1/2-1/2"]
[WhiteElo "2159"]
[BlackElo "1882"]
[PlyCount "146"]
[EventDate "2011.07.19"]
[EventType "swiss"]
[EventRounds "9"]
[EventCountry "ESP"]
[Source "lmi"]
[SourceDate "2011.07.19"]

1. e4 e6 2. d4 d5 3. e5 c5 4. c3 Qb6 5. Nf3 Nc6 6. a3 c4 7. Nbd2 Na5 8. h4 Be7
9. g3 Bd7 10. Bh3 f6 11. exf6 gxf6 12. O-O O-O-O 13. Re1 Re8 14. Rb1 Bd6 15. b4
cxb3 16. Nxb3 Nxb3 17. Qxb3 Qxb3 18. Rxb3 h6 19. Nd2 f5 20. c4 Nf6 21. Rf3 Bc6
22. c5 Bc7 23. Nf1 Ne4 24. Bf4 Ba5 25. Rb1 Nc3 26. Rb2 Ne4 27. Be5 Rhg8 28. Re3
Ref8 29. f3 Nf6 30. Kf2 Bd7 31. Reb3 Bc6 32. Kg2 Bc7 33. Re2 Bxe5 34. Rxe5 Re8
35. Rbe3 Kd7 36. Re1 Bb5 37. Kf2 Nh5 38. Rb1 Kc6 39. Rb2 Ba6 40. Rb1 Bd3 41.
Rbe1 Kd7 42. Ne3 Nxg3 43. Nxd5 exd5 44. Rxe8 Rxe8 45. Rxe8 Kxe8 46. Kxg3 Kf7
47. Kf4 Kf6 48. Ke3 Bb5 49. Bg2 Bc6 50. Bf1 a5 51. Bd3 Ba4 52. Kf4 Bd7 53. Bc2
Bc8 54. Ba4 Ke6 55. Be8 Kf6 56. Ba4 Ke6 57. Be8 Kf6 58. Bb5 Ke6 59. Ke3 Bd7 60.
Be2 Kf6 61. Bd3 Ke6 62. Kf4 Kf6 63. h5 Bc8 64. Bb5 Ke6 65. c6 bxc6 66. Bxc6 Ba6
67. Be8 Bd3 68. Bc6 Kd6 69. Bb7 Ke6 70. Ke3 Bb5 71. Kf4 Bd3 72. Ke3 Bb5 73. Kf4
Bd3 1/2-1/2

[Event "Campeonato de España sub-16 2011"]
[Site "Padron ESP"]
[Date "2011.07.21"]
[Round "4.15"]
[White "Segura Santos, Luis"]
[Black "Martin Duque, Jesus"]
[Result "0-1"]
[WhiteElo "1923"]
[BlackElo "2124"]
[PlyCount "112"]
[EventDate "2011.07.19"]
[EventType "swiss"]
[EventRounds "9"]
[EventCountry "ESP"]
[Source "lmi"]
[SourceDate "2011.07.19"]

1. e4 c5 2. d3 e6 3. g3 d5 4. e5 Nd7 5. f4 Ne7 6. Nf3 Nc6 7. Bg2 b6 8. O-O Bb7
9. c3 Be7 10. Be3 Qc7 11. Nbd2 O-O-O 12. d4 g6 13. Rc1 Kb8 14. Qa4 c4 15. Qc2
Na5 16. b3 cxb3 17. axb3 Ba6 18. Rfe1 Rc8 19. Bf1 Bxf1 20. Nxf1 Ba3 21. Ra1 Bb4
22. Bd2 Bxc3 23. Rac1 Bxd2 24. Qxd2 Qb7 25. Qb4 h6 26. N1d2 Rhe8 27. Qa3 Ka8
28. Re3 Rxc1+ 29. Qxc1 Rc8 30. Rc3 Rxc3 31. Qxc3 Kb8 32. b4 Qc6 33. Qxc6 Nxc6
34. b5 Na5 35. g4 Kb7 36. h4 a6 37. bxa6+ Kxa6 38. Kf2 Nc4 39. Ke2 Kb5 40. Kd3
Nxd2 41. Nxd2 Kb4 42. h5 gxh5 43. gxh5 b5 44. Nf1 Kb3 45. f5 b4 46. fxe6 fxe6
47. Nd2+ Kb2 48. Nf1 b3 49. Ng3 Ka1 50. Nf1 b2 51. Nd2 b1=Q+ 52. Nxb1 Kxb1 53.
Kc3 Kc1 54. Kb4 Kd2 55. Kb5 Kd3 56. Kc6 Nf8 0-1

[Event "Campeonato de España sub-16 2011"]
[Site "Padron ESP"]
[Date "2011.07.21"]
[Round "4.16"]
[White "Norte Garcia, Andrea"]
[Black "Bals Hernandez, Jordi"]
[Result "1/2-1/2"]
[WhiteElo "1910"]
[BlackElo "2089"]
[PlyCount "107"]
[EventDate "2011.07.19"]
[EventType "swiss"]
[EventRounds "9"]
[EventCountry "ESP"]
[Source "lmi"]
[SourceDate "2011.07.19"]

1. e4 c5 2. Nf3 Nc6 3. d4 cxd4 4. Nxd4 g6 5. Be2 Bg7 6. Nb3 Nf6 7. Nc3 O-O 8.
O-O d6 9. Bg5 Be6 10. Kh1 Rc8 11. f4 Na5 12. e5 Rxc3 13. bxc3 Nd5 14. exd6 f6
15. Bg4 Qxd6 16. Bxe6+ Qxe6 17. Nxa5 fxg5 18. fxg5 Rxf1+ 19. Qxf1 Bxc3 20. Rd1
Bxa5 21. Qb5 Ne3 22. Qxa5 Nxd1 23. Qd8+ Kg7 24. Qxd1 Qxa2 25. Qd4+ Kg8 26. h4
Qe6 27. Qxa7 Qe1+ 28. Kh2 Qxh4+ 29. Kg1 Qe1+ 30. Kh2 Qe5+ 31. Kg1 b5 32. Qa2+
Kg7 33. c4 Qe1+ 34. Kh2 Qh4+ 35. Kg1 bxc4 36. Qe2 Qd4+ 37. Kh2 e5 38. Qa2 Qf4+
39. Kg1 c3 40. Qa7+ Qf7 41. Qc5 c2 42. Qxc2 Qa7+ 43. Kh2 Qe7 44. Qd2 Kf7 45.
Qd5+ Ke8 46. Qc6+ Kd8 47. Qd5+ Kc7 48. Qc4+ Kd6 49. Qd3+ Ke6 50. Qh3+ Kf7 51.
Qxh7+ Ke6 52. Qxg6+ Kd5 53. Qd3+ Ke6 54. g6 1/2-1/2

[Event "Campeonato de España sub-16 2011"]
[Site "Padron ESP"]
[Date "2011.07.21"]
[Round "5.1"]
[White "Ladron De Guevara Pinto, Paolo"]
[Black "Pardo Simon, David"]
[Result "1/2-1/2"]
[WhiteElo "2269"]
[BlackElo "2388"]
[PlyCount "127"]
[EventDate "2011.07.19"]
[EventType "swiss"]
[EventRounds "9"]
[EventCountry "ESP"]
[Source "lmi"]
[SourceDate "2011.07.19"]

1. e4 d5 2. exd5 Qxd5 3. Nc3 Qd6 4. d4 Nf6 5. Nf3 g6 6. Ne5 Bg7 7. f4 O-O 8.
Be3 a6 9. Be2 Be6 10. O-O b5 11. Bf3 c6 12. Bf2 Bd5 13. Re1 e6 14. Qe2 Nbd7 15.
Rad1 Rac8 16. b3 Nb6 17. Nb1 Bxf3 18. Qxf3 b4 19. c4 bxc3 20. Nxc3 Nbd5 21. Na4
Nd7 22. Rc1 Rfd8 23. Nc5 Nxc5 24. Rxc5 Rc7 25. Rec1 Rdc8 26. g3 Bf8 27. Qe2 f6
28. Nf3 Ra8 29. Qc4 Nb6 30. Qc2 Rac8 31. Qe2 Ra8 32. Nd2 Qd7 33. Ne4 Kf7 34.
Ra5 Qc8 35. a3 Be7 36. b4 Nd5 37. Nc5 Rca7 38. Re1 Bd8 39. Ne4 Qd7 40. Rc5 Be7
41. Rc2 a5 42. Nc5 Bxc5 43. bxc5 Rb8 44. Qf3 Rab7 45. Rce2 Rb3 46. Qg4 f5 47.
Qg5 Nf6 48. Be3 Ne4 49. Qh4 Kg8 50. g4 Rxa3 51. gxf5 exf5 52. d5 Qxd5 53. Qe7
Qf7 54. Qe5 Re8 55. Qb2 Rb3 56. Qc2 Rd8 57. Bc1 Rc3 58. Qa4 Qc4 59. Qa1 Qxc5+
60. Be3 Qd5 61. Bb6 Rd7 62. Rxe4 Rc2 63. Re8+ Kf7 64. Rf8+ 1/2-1/2

[Event "Campeonato de España sub-16 2011"]
[Site "Padron ESP"]
[Date "2011.07.21"]
[Round "5.2"]
[White "Sanchez Ibern, Marc"]
[Black "Santos Latasa, Jaime"]
[Result "1-0"]
[WhiteElo "2327"]
[BlackElo "2242"]
[PlyCount "81"]
[EventDate "2011.07.19"]
[EventType "swiss"]
[EventRounds "9"]
[EventCountry "ESP"]
[Source "lmi"]
[SourceDate "2011.07.19"]

1. e4 c6 2. d4 d5 3. Nc3 dxe4 4. Nxe4 Bf5 5. Ng3 Bg6 6. h4 h6 7. Nf3 Nd7 8. h5
Bh7 9. Bd3 Bxd3 10. Qxd3 e6 11. Bd2 Ngf6 12. O-O-O Be7 13. Qe2 O-O 14. Nf1 Nb6
15. Kb1 Na4 16. Qc4 b5 17. Qxc6 Rc8 18. Qb7 Rb8 19. Qa6 Ne4 20. Be1 Rb6 21. Qa5
Qc8 22. Rd3 Ra6 23. Qxb5 Nd6 24. Qb4 Qc7 25. Rb3 Rc8 26. Ne3 Nb6 27. Qd2 Ndc4
28. Nxc4 Nxc4 29. Qe2 Bd6 30. Bc3 Qc6 31. Re1 Qa4 32. a3 Rac6 33. Qd3 Nb6 34.
Rc1 Nc4 35. Ne5 Bxe5 36. dxe5 Rc5 37. f4 Rd5 38. Qf3 Nb6 39. f5 Rb5 40. f6 Rxb3
41. Qg3 1-0